Health Sciences Chemistry/ (Record no. 1825)
[ view plain ]
| 000 -LEADER | |
|---|---|
| fixed length control field | 00532nam a22001577a 4500 |
| 005 - DATE AND TIME OF LATEST TRANSACTION | |
| control field | 20241130112346.0 |
| 008 - FIXED-LENGTH DATA ELEMENTS--GENERAL INFORMATION | |
| fixed length control field | 241130b |||||||| |||| 00| 0 eng d |
| 020 ## - INTERNATIONAL STANDARD BOOK NUMBER | |
| International Standard Book Number | 9780787212810 |
| 050 ## - LIBRARY OF CONGRESS CALL NUMBER | |
| Classification number | QD31.2 |
| Item number | .H39 |
| 245 ## - TITLE STATEMENT | |
| Title | Health Sciences Chemistry/ |
| Remainder of title | for nurses, dental hygienists, and medical lab technicians/paramedics |
| Statement of responsibility, etc. | Gershon Shugar, et al. |
| 250 ## - EDITION STATEMENT | |
| Edition statement | 2nd ed. |
| 260 ## - PUBLICATION, DISTRIBUTION, ETC. | |
| Place of publication, distribution, etc. | Dubuque |
| Name of publisher, distributor, etc. | Kendall/Hunt Publishing Company |
| Date of publication, distribution, etc. | 1995 |
| 300 ## - PHYSICAL DESCRIPTION | |
| Extent | xi.532p. |
| Other physical details | ill. |
| Dimensions | 23cm |
| 700 ## - ADDED ENTRY--PERSONAL NAME | |
| Personal name | Shugar, Gershon, et al. |
| 942 ## - ADDED ENTRY ELEMENTS (KOHA) | |
| Source of classification or shelving scheme | Library of Congress Classification |
| Koha item type | Books |
| Edition | 2nd ed. |
| Suppress in OPAC | No |
| 999 ## - | |
| -- | 1825 |
| -- | 1825 |
| Withdrawn status | Lost status | Source of classification or shelving scheme | Damaged status | Not for loan | Collection | Home library | Current library | Shelving location | Date acquired | Total checkouts | Full call number | Barcode | Date last seen | Copy number | Price effective from | Koha item type |
|---|---|---|---|---|---|---|---|---|---|---|---|---|---|---|---|---|
| Library of Congress Classification | Non-fiction | Science Library (Miotso) | Science Library (Miotso) | General stacks | 11/30/2024 | QD31.2 .H39 HEA | SLM00001024 | 11/30/2024 | 1 | 11/30/2024 | Books |